Inkluzivní vzdělávání efektivní vzdělávání všech žáků

Bibliographic Details
Main Authors: Zilcher, Ladislav (Author), Svoboda, Zdeněk (Author)
Format: Book
Language:Czech
PhysicalDescription:216 strán schémy, tabuľky 21 cm
ISBN:9788027107896
9788027127030
9788027127252
Edition:Vydání 1.
Series:Pedagogika
Subjects:

MARC

LEADER 00000cam a2200000 4500
001 vtls011885942
003 SK-MaSNL
005 20260426003544.0
008 190909s2019 xr a frn 000 0 cze
020 |a 9788027107896  |q (brožované) 
020 |a 9788027127030  |q (ePub) 
020 |a 9788027127252  |q (pdf) 
040 |a SNK  |b slo  |c SNK  |e rda 
041 0 |a cze  |b cze  |b eng  |b ger 
043 |a e-xr--- 
044 |a xr  |c CZ 
072 7 |a 37  |x Výchova a vzdelávanie  |2 konspekt 
080 |a 37.043.2  |2 2011 
080 |a 37.091.321  |2 2011 
080 |a 37.012  |2 2011 
080 |a (437.3)  |2 2011 
080 |a (048.8)  |2 2011 
100 1 |a Zilcher, Ladislav  |4 aut  |9 617379 
245 1 0 |a Inkluzivní vzdělávání  |b efektivní vzdělávání všech žáků  |c Ladislav Zilcher, Zdeněk Svoboda 
250 |a Vydání 1. 
264 |a Praha  |b Grada  |c 2019 
300 |a 216 strán  |b schémy, tabuľky  |c 21 cm 
336 |a text  |b txt  |2 rdacontent 
337 |a bez média  |b n  |2 rdamedia 
338 |a zväzok  |b nc  |2 rdacarrier 
490 1 |a Pedagogika 
500 |a Obsahuje zoznam skratiek 
504 |a Bibliografia na strane 196-216 ; poznámky 
546 |a Anglické, české a nemecké resumé 
650 0 7 |a integrovaná výchova a vzdelávanie  |2 SNKPH  |9 67219 
650 0 7 |a pedagogické schopnosti  |2 SNKPH  |9 71573 
650 0 7 |a Integrated education  |2 SNKPHeng  |9 306558 
650 0 7 |a Teaching skills  |2 SNKPHeng  |9 306684 
650 0 7 |a pedagogický výskum  |2 SNKPH  |9 69315 
650 0 7 |a Educational research  |2 SNKPHeng  |9 321747 
651 7 |a Česko  |2 SNKPH  |9 16753 
651 7 |a Czechia  |2 SNKPHeng  |9 170107 
655 7 |a monografie  |2 SNKPH  |9 70139 
655 7 |a Monographs  |2 SNKPHeng  |9 120675 
700 1 |a Svoboda, Zdeněk  |4 aut  |9 480168 
830 0 |a Pedagogika  |9 341205 
852 |a Štátna vedecká knižnica v Banskej Bystrici 
919 |a 978-80-271-0789-6 
958 |a CZ 
958 |a NB 
999 |c 948413  |d 950343 
952 |t snkZIL 37.043.2  |a SNKUST  |b SNKUST  |y PREZ  |7 0  |p 17A1429210  |o snkIC 145393  |i snk2020/16546  |8 4  |g 9.94  |0 0  |1 0  |4 0  |d 2019-12-12  |l 0  |r 2025-04-28 00:00:00  |w 2026-02-24